Ecosystem-based fisheries management : progress, importance, and impacts in the United States (Record no. 82941)

MARC details
000 -LEADER
fixed length control field 01113cam a2200313 i 4500
003 - CONTROL NUMBER IDENTIFIER
control field CBULib
005 - DATE AND TIME OF LATEST TRANSACTION
control field 20231016134713.0
008 - FIXED-LENGTH DATA ELEMENTS--GENERAL INFORMATION
fixed length control field 210426r20212020enka b 001 0 eng d
020 ## - INTERNATIONAL STANDARD BOOK NUMBER
International Standard Book Number 9780192843463
040 ## - CATALOGING SOURCE
Original cataloging agency UKMGB
Language of cataloging eng
Transcribing agency UKMGB
Description conventions rda
Modifying agency OCLCO
-- OCLCF
-- YDX
-- BDX
-- OCL
-- OCLCO
-- DLC
050 00 - LIBRARY OF CONGRESS CALL NUMBER
Classification number SH 221 Lin
100 1# - MAIN ENTRY--PERSONAL NAME
Personal name Link, Jason S.
9 (RLIN) 875
245 10 - TITLE STATEMENT
Title Ecosystem-based fisheries management : progress, importance, and impacts in the United States
Statement of responsibility, etc / by Jason S. Link, Anthony R. Marshak.
250 ## - EDITION STATEMENT
Edition statement First edition.
260 ## - PUBLICATION, DISTRIBUTION, ETC. (IMPRINT)
Place of publication, distribution, etc Oxford :
Name of publisher, distributor, etc Oxford University Press,
Date of publication, distribution, etc 2021
300 ## - PHYSICAL DESCRIPTION
Extent xxxiii, 678 pages : illustrations (some color) ;
Dimensions 25 cm
336 ## - CONTENT TYPE
Content type term Text |
Source rdacontent
Content type code txt
336 ## - CONTENT TYPE
Source rdacontent
337 ## - MEDIA TYPE
Media type term Unmediated |
Source rdamedia
Media type code n
338 ## - CARRIER TYPE
Carrier type term Volume
Source rdacarrier
Carrier type code nc
500 ## - GENERAL NOTE
General note Originally published: 2010.
504 ## - BIBLIOGRAPHY, ETC. NOTE
Bibliography, etc Includes bibliographical references and index.
650 #0 - SUBJECT ADDED ENTRY--TOPICAL TERM
Topical term or geographic name as entry element FISHERY MANAGEMENT
9 (RLIN) 876
650 #0 - SUBJECT ADDED ENTRY--TOPICAL TERM
Topical term or geographic name as entry element MARINE FISHES
9 (RLIN) 877
650 #0 - SUBJECT ADDED ENTRY--TOPICAL TERM
Topical term or geographic name as entry element FISH POPULATIONS
9 (RLIN) 878
650 #0 - SUBJECT ADDED ENTRY--TOPICAL TERM
Topical term or geographic name as entry element FISH MANAGEMENT
9 (RLIN) 879
700 1# - ADDED ENTRY--PERSONAL NAME
Personal name Marshak, Anthony R.
9 (RLIN) 880
942 ## - ADDED ENTRY ELEMENTS (KOHA)
Source of classification or shelving scheme
Koha item type MONOGRAPH
Holdings
Withdrawn status Lost status Source of classification or shelving scheme Damaged status Not for loan Collection code Permanent Location Current Location Shelving location Date acquired Source of acquisition Cost, normal purchase price Total Checkouts Full call number Barcode Date last seen Copy number Price effective from Koha item type
          Main Library Open Access Collection CBU-MAIN LIBRARY, KITWE. CBU-MAIN LIBRARY, KITWE. General Stacks 10/16/2023 Book Aid International 130.00   SH 328 Lin 752195 10/16/2023 1 10/16/2023 MONOGRAPH